000 00631nam a22002057a 4500
999 _c10325
_d10325
003 AR-CdUCM
008 190329b ||||| |||| 00| 0 spa d
040 _aMUNICIPALIDAD PROVINCIAL DEL CUSCO
_cBIBLIOTECA MUNICIPAL DEL CUSCO
082 _aES / 800 /
_bV37
100 _aVega Carpio, Lope de
_927126
245 _aFuente Ovejuna :
_bComedia en tres actos /
260 _aLima :
_bMercurio,
_c1988.
300 _a173 paginas ;
_c17 cm.
440 _aLeo.
_927117
505 _aContenido :Fuente ovejuna.
650 _aLiteratura peruana
_9169
650 _aLiteratura contemporánea
_9759
942 _2ddc
_cLIBROS
945 _arum